Culture Générale - Série 1683 - Statistiques

Statistiques générales
  • Ce quiz a été pris 84 fois
  • Le résultat moyen est 6 sur 10
Statistiques - réponses
Question Réponse % Correct
Qu'est-ce qui peut être "X", "de soleil" ou "des fruits et légumes" dans un supermarché ? rayon
96%
D'après le titre de son film sorti en 1972, pour Claude Lelouch, l'aventure, c'est... l'aventure
86%
Quand il s'agit d'un objet vendu en pièces détachées, quel anglicisme de trois lettres peut être remplacé par "prêt-à monter" en français ? kit
70%
L'émission de télévision présentée par Albert Raisner, à partir de 1961, s'intitule "Âge tendre et... tête de bois
68%
En 1994, quel crooner américain, surnommé "The Voice", a reçu un Grammy Award pour l'ensemble de son oeuvre ? Frank Sinatra
66%
Dans le "Collaro Show", quel comique moustachu, prénommé Roland, avait pour réplique favorite : "Ouin ouin !" ? Roland Magdane
49%
Quelle actrice interprète “Angélique, marquise des anges” aux côtés de Robert Hossein ? Michèle Mercier
47%
Quel compositeur baroque allemand a écrit : "Jésus que ma joie demeure" ? Jean-Sébastien Bach
35%
Dans quel pays d'Afrique se trouve Bobo-Dioulasso ? Burkina Faso
19%
En 2009, dans quel film Vincent Lindon apprend-il à nager à un réfugié kurde qui veut traverser la Manche ? Welcome
14%
Aucun quiz correspondant
Distribution des résultats
% des personnes avec chaque résultat
Percentile par nombre de réponses
Votre historique - résultats
Vous n’avez pas pris ce quiz